000 01629nam a2200409 a 4500
001 ebr10359176
003 CaPaEBR
006 m u
007 cr cn|||||||||
008 091030s2009 enka sb 001 0 eng d
010 _z 2009279504
015 _aGBA908505
_2bnb
016 7 _z014889533
_2Uk
020 _z9781845116866 (hbk.)
020 _z1845116860 (hbk.)
020 _z9781845116873 (pbk.)
020 _z1845116879 (pbk.)
040 _aCaPaEBR
_cCaPaEBR
035 _a(OCoLC)608549181
050 1 4 _aBL65.V55
_bD95 2009eb
082 0 4 _a201.76332
_222
245 0 0 _aDying for faith
_h[electronic resource] :
_breligiously motivated violence in the contemporary world /
_cedited by Madawi Al-Rasheed and Marat Shterin.
260 _aLondon ;
_aNew York :
_bI.B. Tauris ;
_aNew York :
_bDistributed in the USA by Palgrave Macmillan,
_c2009.
300 _axxx, 222 p. :
_bill.
490 1 _aLibrary of modern religion ;
_v6
504 _aIncludes bibliographical references (p. [205]-218) and index.
533 _aElectronic reproduction.
_bPalo Alto, Calif. :
_cebrary,
_d2013.
_nAvailable via World Wide Web.
_nAccess may be limited to ebrary affiliated libraries.
650 0 _aViolence
_xReligious aspects.
650 0 _aTerrorism
_xReligious aspects.
650 0 _aMartyrdom.
655 7 _aElectronic books.
_2local
700 1 _aAl-Rasheed, Madawi.
700 1 _aShterin, Marat.
710 2 _aebrary, Inc.
830 0 _aLibrary of modern religion ;
_v6.
856 4 0 _uhttp://site.ebrary.com/lib/rucke/Doc?id=10359176
_zAn electronic book accessible through the World Wide Web; click to view
999 _c104696
_d104696